Music Quiz

Random Music or Lyrics Quiz

Figure out the Lyrics (Elton John) Quiz Stats

 Plays Quiz not verified by Sporcle

Score 0/183 Timer 10:00
0 Plays Today
lyric % Correct
a
96.6%
the
96.6%
the
96.6%
a
96.6%
and
96.6%
and
96.6%
the
96.6%
and
96.6%
the
96.6%
and
96.6%
the
96.6%
a
96.6%
the
96.6%
a
96.6%
and
96.6%
the
96.6%
the
96.6%
And
96.6%
the
96.6%
and
96.6%
the
96.6%
and
96.6%
the
96.6%
and
96.6%
the
96.6%
you
91.7%
you
91.7%
you
91.7%
you
91.7%
you
91.7%
to
80.6%
to
80.6%
to
80.6%
to
80.6%
to
80.6%
to
80.6%
to
80.6%
to
80.6%
can
78.8%
can
78.8%
can
78.8%
can
78.8%
can
78.8%
love
78.6%
love
78.6%
love
78.6%
love
78.6%
it
78.3%
it
78.3%
it
78.3%
be
73.8%
be
73.8%
we
73.8%
we
73.8%
we
73.8%
we
73.8%
feel
70.5%
feel
70.5%
feel
70.5%
feel
70.5%
is
70.2%
lyric % Correct
is
70.2%
an
69.3%
in
67.4%
in
67.4%
tonight
67%
tonight
67%
tonight
67%
tonight
67%
me
66.4%
are
63.1%
are
63.1%
It's
61.4%
It's
61.4%
it's
61.4%
it's
61.4%
It's
61.4%
it's
61.4%
It's
61.4%
It's
61.4%
where
61%
where
61%
for
60.8%
for
60.8%
for
60.8%
for
60.8%
when
59.6%
when
59.6%
of
59%
of
59%
of
59%
if
52.2%
this
51.8%
this
51.8%
this
51.8%
this
51.8%
this
51.8%
this
51.8%
That
51.7%
That
51.7%
That
51.7%
they
45.5%
with
44.9%
with
44.9%
all
43.9%
make
41.9%
make
41.9%
make
41.9%
time
41.4%
time
41.4%
us
40.3%
how
39.9%
how
39.9%
day
39.5%
just
39%
kings
37.5%
kings
37.5%
kings
37.5%
enough
37.2%
enough
37.2%
enough
37.2%
enough
37.2%
lyric % Correct
enough
37.2%
enough
37.2%
There's
37%
There's
37%
There's
37%
vagabonds
36.1%
vagabonds
36.1%
vagabonds
36.1%
got
36%
got
36%
very
35%
very
35%
very
35%
best
33.8%
best
33.8%
best
33.8%
eyed
32.5%
eyed
32.5%
wide
31.9%
wide
31.9%
far
31.7%
far
31.7%
wanderer
29.7%
wanderer
29.7%
only
28.3%
believe
27.9%
believe
27.9%
believe
27.9%
rest
27.5%
rest
27.5%
heart
27.3%
warrior
25.6%
away
25%
surrender
24.5%
calm
24.2%
rush
23.7%
yours
23.7%
through
23.2%
moment
22.6%
everyone
22.5%
sees
22.2%
wind
22%
turn
21.9%
restless
21.8%
heat
20.5%
laid
20.4%
laid
20.4%
rolling
20.2%
turned
20%
wild
19.4%
enchanted
19%
reason
17.2%
beats
17.1%
moves
16.8%
learn
16.5%
outdoors
16.4%
rhyme
16.2%
star-crossed
15.4%
voyager
15.2%
twisting
14.8%
kaleidoscope
14.7%

You're not logged in!

Compare scores with friends on all Sporcle quizzes.
OR
Log In

Show Comments

Extras

Top Quizzes Today


Score Distribution

Your Account Isn't Verified!

In order to create a playlist on Sporcle, you need to verify the email address you used during registration. Go to your Sporcle Settings to finish the process.

Report this User

Report this user for behavior that violates our Community Guidelines.

Details: